00846cam a22002537a 4500003000500000005001700005008004100022010001000063011001000073020001500083035001000098040000900108082001400117100002100131245012400152260004800276300004900324490003400373650004600407650004200453650003200495650003100527830003400558CHAP20220329142400.0001020d1998 mx a r 00110 esp d a82674 a83646 a9688565636 a94161 cCHAP04a711.4bD400aDelgado, Javier.10aCiudad-región y transporte en el México central :bun largo camino de rupturas y continuidadesc/por Javier Delgado aMéxico, D. F. :bPlaza y Valdés,c1998. a221 p. :bilus. ; mapas ; cuadros ; gráfs. 0aColección ciudad y región14aMéxico (Cd.)xCondiciones económicas.14aMéxico (Cd.)xCondiciones sociales.14aTransportezMéxico (Cd.).14aUrbanismozMéxico (Cd.).00aColección ciudad y región